01102nam a2200325 b 4500003000900000005001700009007000300026008003400029016000600063020001500069035000600084040003100090041001100121080000600132082002700138100005000165245011700215260001200332264003700344300002900381336002800410337003400438338003000472590002600502650005600528910004000584942001200624952012300636999001700759DO-SdBPM20260522132729.0ta180124b1995 sp |||| 00| 0 spa d a  a8408015494 a  aDO-SdBPMbspacBPMSUe rda1 aspah  a  4aR860.9bU49d 19952 221 aUmbral, Francisco d1935-2007 eautor 4aut. 13aDiccionario de literatura : bEspaña 1941-1995 :de la postguerra a la posmodernidad / cFrancisco Umbral. h  a b c  aBarcelona : bPlaneta,c 1995.  a277 páginas ;c21 cm. atexto btxt2rdacontent asi mediación bn2rdamedia  avolumen bnc2rdacarrier  aInventariado, 2026/VM 7aLiteratura españolay1941-1995 vDiccionarios.2  aVMateo V. Control de calidad BPMSU  2ddccBK 00102ddc708CR-GaBPMETbBPMETd2026-05-22l0oBPMSU CGR R860.9 U49d 1995pBPMSU26050107r2026-05-22w2026-05-22yBK c15867d15867